Sprievodca cestovného ruchu

Podrobná bibliografia
Hlavní autori: Fogaš, Anton, 1968- (Autor, Editor), Šambronská, Kristína, 1976- (Autor), Zibrínová, Ľubica, 1971- (Autor), Tkáč, Oleg, 1964- (Autor)
Médium: Kniha
Jazyk:slovenčina
Fyzický popis:147 strán fotografie, ilustrácie 23 cm
Vydavateľské údaje: Prešov Vydavateľstvo Prešovskej univerzity v Prešove 2019
ISBN:9788055522616
Vydanie:1. vydanie
Predmet:

MARC

LEADER 00000cam a2200000 4500
001 vtls011915931
003 SK-MaSNL
005 20260302093546.0
008 210624s2019 xo oa frnp 000 0 slo
015 |a SNBA2020/08 
020 |a 9788055522616  |q (brožované) 
035 |a urn:nbn:sk:snk-am00ee05 
035 |a urn:nbn:sk:snk-am3ihal 
035 |a C5249A45-A8F9-4ED7-8502-148277FDA3EB 
040 |a SNK  |b slo  |c SNK  |e rda 
041 0 |a slo 
044 |a xo  |c SK 
072 7 |a 338.3/.4  |x Hospodárske a výrobné odvetvia  |2 konspekt 
080 |a 338.48  |2 2011 
080 |a 338.483  |2 2011 
080 |a 338.486.2-055.1  |2 2011 
080 |a (075.8)  |2 2011 
100 1 |a Fogaš, Anton,  |d 1968-  |4 aut  |4 edt  |9 257930 
245 1 0 |a Sprievodca cestovného ruchu  |c Anton Fogaš, Kristína Šambronská a kol. 
250 |a 1. vydanie 
264 1 |a Prešov  |b Vydavateľstvo Prešovskej univerzity v Prešove  |c 2019 
300 |a 147 strán  |b fotografie, ilustrácie  |c 23 cm 
336 |a text  |b txt  |2 rdacontent 
337 |a bez média  |b n  |2 rdamedia 
338 |a zväzok  |b nc  |2 rdacarrier 
366 |e 50 kusov 
504 |a Obsahuje bibliografiu na strane 142-147 
650 0 7 |a geografia cestovného ruchu  |2 SNKPH  |9 67494 
650 0 7 |a turistickí sprievodcovia (osoby)  |2 SNKPH  |9 75168 
650 0 7 |a Tourism  |2 SNKPHeng  |9 266335 
650 0 7 |a Geography of tourism  |2 SNKPHeng  |9 368653 
650 0 7 |a Tour guides (Persons)  |2 SNKPHeng  |9 190452 
650 0 7 |a cestovný ruch  |2 SNKPH  |9 999 
655 7 |a učebnice vysokých škôl  |2 SNKPH  |9 70191 
655 7 |a Textbooks (higher)  |2 SNKPHeng  |9 276436 
700 1 |a Šambronská, Kristína,  |d 1976-  |4 aut  |9 192877 
700 1 |a Zibrínová, Ľubica,  |d 1971-  |4 aut  |9 187716 
700 1 |a Tkáč, Oleg,  |d 1964-  |4 aut  |9 670809 
710 2 |a Prešovská univerzita v Prešove.  |b Centrum celoživotného a kompetenčného vzdelávania  |4 pbl  |9 167991 
919 |a 978-80-555-2261-6 
958 |a NB 
999 |c 1209414  |d 1211344 
952 |a SNK  |b SNK  |y PREZ  |7 0  |p 17A1415264  |o snkSC 187740  |i snk2020/2744  |8 0  |0 0  |1 0  |4 0  |d 2020-02-06  |f 1  |l 0  |r 2026-02-24 23:08:39  |w 2026-02-24 
952 |a SNK  |b SNK  |y VYP  |7 0  |p 17A1415265  |o snkSC 187740 D1  |i snk2020/2745  |8 0  |0 0  |1 0  |4 0  |d 2020-02-06  |l 0  |r 2026-02-24 23:08:39  |w 2026-02-24